Soviet deserts and mountains
Αποθηκεύτηκε σε:
| Κύριος συγγραφέας: | |
|---|---|
| Συγγραφή απο Οργανισμό/Αρχή: | |
| Μορφή: | Βιβλίο |
| Γλώσσα: | English |
| Δημοσίευση: |
Amsterdam :
Time-Life International ,
c1974.
|
| Σειρά: | World's wild places
|
| Θέματα: | |
| Ετικέτες: |
Προσθήκη ετικέτας
Δεν υπάρχουν, Καταχωρήστε ετικέτα πρώτοι!
|
MARC
| LEADER | 00000cam a2200000 i 4500 | ||
|---|---|---|---|
| 001 | 1/41785 | ||
| 008 | 941103s1974 ne | ||| |||| ||eng|| | ||
| 020 | |a 0705400972 | ||
| 035 | |a 1994 |l 10041597 | ||
| 040 | |a GR-MyUa |b gre |e AACR2 | ||
| 041 | 0 | |a eng | |
| 082 | 7 | |a 508.584 |2 (21) | |
| 100 | 1 | |a St. George, George, |d 1904-1977. | |
| 245 | 1 | 0 | |a Soviet deserts and mountains / |c by George St. George and the editors of Time-Life Books ; with photographs by Lev Ustinov. |
| 260 | |a Amsterdam : |b Time-Life International , |c c1974. | ||
| 300 | |a 184 σ. : |b εικ. ; |c 27 εκ. | ||
| 490 | 1 | |a (The world's wild places) | |
| 504 | |a Βιβλιογραφία: σ. 180. Ευρετήριο. | ||
| 650 | 0 | |a Natural history |z Asia, Central. | |
| 650 | 0 | |a Deserts |z Asia, Central. | |
| 650 | 0 | |a Mountains |z Asia, Central. | |
| 651 | 0 | |a Asia, Central |x Description and travel. | |
| 710 | 2 | |a Time-Life Books. | |
| 830 | 0 | |a World's wild places | |
| 852 | |a INST |b SAMOS |e 19941103 |h 508.584 GEO |p 005300009100 |q 005300009100 |t BK |y 0 | ||
| 852 | |a INST |b SYROS |e 20140513 |h 508.584 STG |p 005500011405 |q 005500011405 |t BK |y 0 | ||
| 901 | |a BIBL5-2014-1 | ||
| 970 | |a Κοντού |b Παρασκευή |z 13/05/2014 | ||